Les Flandres en images - Statistiques

Statistiques générales
  • Ce quiz a été pris 52 fois
  • Le résultat moyen est 7 sur 16
Statistiques - réponses
Par images Hint Réponse % Correct
Symbole (sur le drapeau) Le Lion des Flandres
85%
Plat populaire Les moules
85%
Ville Bruges
83%
Ville française (historiquement flamande) Dunkerque
80%
Personnages folkloriques Les Géants
63%
Course cycliste Le Tour des Flandres
63%
Plante et matière textile cultivée Le lin
55%
Fleuve L'Escaut
53%
Ville Ypres
38%
Ville au temps de sa splendeur (début XXe) Ostende
35%
Recette gastronomique Un waterzooi à la gantoise
25%
Tableau L’Adoration de l'Agneau mystique
23%
Bataille historique La Bataille des Éperons d'or
15%
Relique du Christ Le Saint-Sang
15%
Artiste du XIXe siècle (et aussi du XXe) James Ensor
10%
Exposition botanique (festival) Les Floralies gantoises
3%
Aucun quiz correspondant
Distribution des résultats
% des personnes avec chaque résultat
Percentile par nombre de réponses
Votre historique - résultats
Vous n’avez pas pris ce quiz